[Event "Utrecht OKU op 45th"]
[Site "Utrecht"]
[Date "2018.06.03"]
[Round "5"]
[White "Dijkhuis, Oele"]
[Black "Miezis, Normunds"]
[Result "0-1"]
[WhiteElo "2169"]
[BlackElo "2468"]
[PlyCount "56"]
[EventDate "2018.06.01"]
[EventType "swiss"]
[EventRounds "6"]
[EventCountry "NED"]
[SourceTitle "CBM 184 Extra"]
[Source "ChessBase"]
[SourceDate "2018.06.28"]
[SourceVersion "1"]
[SourceVersionDate "2018.06.28"]
[SourceQuality "1"]

1. e4 c5 2. Nf3 e6 3. g3 Nc6 4. Bg2 Nf6 5. Nc3 d5 6. exd5 exd5 7. d4 cxd4 8. Nxd4 Bg4 9. Nf3 d4 10. Ne2 Bc5 11. 0-0 0-0 12. h3 Bf5 13. Nf4 Re8 14. Nd3 Bb6 15. g4 Bg6 16. Bf4 Bc7 17. Bxc7 Qxc7 18. Re1 Rxe1+ 19. Qxe1 h5 20. g5 Ne4 21. h4 Re8 22. Nd2 Nf6 23. Qf1 Ng4 24. Nf3 Be4 25. Re1 Re7 26. Rxe4 Rxe4 27. Bh3 Ne7 28. Bxg4 Rxg4+ 0-1

[Event "Agneaux St Lo op 18th"]
[Site "Agneaux"]
[Date "2017.07.08"]
[Round "1.10"]
[White "Dijkhuis, Oele"]
[Black "Bakalarz, Mietek"]
[Result "1-0"]
[WhiteElo "2054"]
[BlackElo "2274"]
[PlyCount "63"]
[EventDate "2017.07.08"]
[EventType "swiss"]
[EventRounds "9"]
[EventCountry "FRA"]
[SourceTitle "EXT 2020"]
[Source "ChessBase"]
[SourceDate "2019.10.17"]
[SourceVersion "1"]
[SourceVersionDate "2019.10.17"]
[SourceQuality "1"]

1. e4 e5 2. Nf3 Nf6 3. Nxe5 d6 4. Nf3 Nxe4 5. d4 d5 6. Bd3 Bd6 7. 0-0 0-0 8. c4 c6 9. cxd5 cxd5 10. Nc3 Nxc3 11. bxc3 Bg4 12. h3 Bh5 13. g4 Bg6 14. Bxg6 fxg6 15. Qe2 Qd7 16. Ne5 Bxe5 17. dxe5 Nc6 18. f4 Rae8 19. Ba3 Rf7 20. Rae1 Nd8 21. Bd6 h5 22. Qd3 hxg4 23. Qxg6 gxh3 24. f5 Qc6 25. Re3 Qb6 26. Rfe1 Rfe7 27. Kh2 Rf7 28. Kh1 Qc6 29. Rxh3 Rf6 30. Qxg7+ Kxg7 31. Rg1+ Kf7 32. Rh7# 1-0

[Event "Utrecht OKU op 44th"]
[Site "Utrecht"]
[Date "2017.06.10"]
[Round "2"]
[White "Van Overdam, Julian"]
[Black "Dijkhuis, Oele"]
[Result "1-0"]
[WhiteElo "2360"]
[BlackElo "2054"]
[PlyCount "55"]
[EventDate "2017.06.09"]
[EventType "swiss"]
[EventRounds "6"]
[EventCountry "NED"]
[SourceTitle "CBM 178 Extra"]
[Source "ChessBase"]
[SourceDate "2017.06.22"]
[SourceVersion "1"]
[SourceVersionDate "2017.06.22"]
[SourceQuality "1"]

1. e4 c5 2. Nc3 a6 3. f4 b5 4. g3 Bb7 5. Bg2 e6 6. d3 d5 7. Qe2 d4 8. e5 Bxg2 9. Qxg2 Nd7 10. Ne4 h5 11. Nf3 Nh6 12. h3 Rc8 13. g4 Nb6 14. 0-0 Nd5 15. Nfg5 Qd7 16. f5 hxg4 17. fxe6 fxe6 18. hxg4 Be7 19. Bd2 Qc6 20. Rae1 Bxg5 21. Bxg5 Rc7 22. Nd6+ Kd7 23. Re4 Qb6 24. Bd2 Kc6 25. g5 Nf5 26. Nxf5 exf5 27. Rxf5 g6 28. Rf6+ 1-0

[Event "NED-ch U16"]
[Site "Assen"]
[Date "2017.04.28"]
[Round "8"]
[White "Bekedam, Tyro"]
[Black "Dijkhuis, Oele"]
[Result "0-1"]
[WhiteElo "2004"]
[BlackElo "1944"]
[PlyCount "70"]
[EventDate "2017.04.23"]
[EventType "swiss"]
[EventRounds "9"]
[EventCountry "NED"]
[SourceTitle "CBM 178 Extra"]
[Source "ChessBase"]
[SourceDate "2017.06.22"]
[SourceVersion "1"]
[SourceVersionDate "2017.06.22"]
[SourceQuality "1"]

1. e4 c5 2. Nf3 d6 3. d4 cxd4 4. Qxd4 Nc6 5. Bb5 e5 6. Qd3 Nf6 7. Nc3 Be7 8. Bg5 0-0 9. 0-0-0 Be6 10. Bxf6 Bxf6 11. Nd5 Rc8 12. a3 Bxd5 13. Qxd5 Qb6 14. Bxc6 Rxc6 15. Rd2 Be7 16. g4 Rc5 17. Qd3 Qc6 18. h4 b5 19. c3 a5 20. Rc2 b4 21. cxb4 axb4 22. axb4 Rxc2+ 23. Qxc2 Qa6 24. Kd2 d5 25. Rc1 Bxb4+ 26. Ke3 d4+ 27. Nxd4 exd4+ 28. Kxd4 Qb6+ 29. Kd3 Rd8+ 30. Ke2 Qe6 31. Kf3 h5 32. gxh5 Qh3+ 33. Ke2 Rd2+ 34. Qxd2 Bxd2 35. Kxd2 Qxh4 0-1

[Event "NED-ch U14"]
[Site "Rotterdam"]
[Date "2016.05.05"]
[Round "7"]
[White "Dijkhuis, Oele"]
[Black "Albertus, Bram"]
[Result "1/2-1/2"]
[WhiteElo "1632"]
[BlackElo "1406"]
[PlyCount "36"]
[EventDate "2016.04.29"]
[EventType "swiss"]
[EventRounds "9"]
[EventCountry "NED"]
[SourceTitle "CBM 172 Extra"]
[Source "ChessBase"]
[SourceDate "2016.06.21"]
[SourceVersion "1"]
[SourceVersionDate "2016.06.21"]
[SourceQuality "1"]

1. e4 d6 2. d4 Nf6 3. Nc3 Nbd7 4. f3 e5 5. d5 Be7 6. Be3 c5 7. a4 Nf8 8. Bc4 Bd7 9. Nge2 Ng6 10. 0-0 0-0 11. Qe1 Rb8 12. a5 Kh8 13. Qd2 Nh5 14. g4 Nf6 15. Ng3 Rg8 16. Kh1 h6 17. Rg1 Nh7 18. Qf2 Bg5 1/2-1/2

[Event "NED-ch U14"]
[Site "Rotterdam"]
[Date "2016.05.02"]
[Round "4"]
[White "De Boer, Eelke"]
[Black "Dijkhuis, Oele"]
[Result "1-0"]
[WhiteElo "1933"]
[BlackElo "1632"]
[PlyCount "115"]
[EventDate "2016.04.29"]
[EventType "swiss"]
[EventRounds "9"]
[EventCountry "NED"]
[SourceTitle "CBM 172 Extra"]
[Source "ChessBase"]
[SourceDate "2016.06.21"]
[SourceVersion "1"]
[SourceVersionDate "2016.06.21"]
[SourceQuality "1"]

1. e4 c5 2. Nf3 d6 3. d4 cxd4 4. Nxd4 Nf6 5. Nc3 g6 6. Be3 Bg7 7. f3 0-0 8. Qd2 Nc6 9. g4 Be6 10. Nxe6 fxe6 11. 0-0-0 Ne5 12. Be2 Qc8 13. h4 Nfd7 14. h5 Nxf3 15. Nd5 Nxd2 16. Nxe7+ Kf7 17. Nxc8 Raxc8 18. Rxd2 Be5 19. hxg6+ Kxg6 20. Rh6+ Kg7 21. Rxe6 Nf6 22. Re7+ Rf7 23. Rxf7+ Kxf7 24. Bf3 Rc4 25. b3 Rc8 26. g5 Nd7 27. Bg4 Rc7 28. Bf5 Nf8 29. Rf2 Kg8 30. c4 a6 31. Bf4 Bxf4+ 32. Rxf4 Rc5 33. Rf2 b5 34. Rc2 b4 35. Rd2 Rc6 36. Rd5 Kf7 37. Kd2 Ke7 38. Ke3 Kf7 39. Rd1 Kg7 40. Rd5 Kf7 41. Ra5 Ke7 42. Ra4 Rb6 43. Bc8 Ne6 44. Ra5 Kf7 45. Rf5+ Ke7 46. Bxe6 Kxe6 47. Kd4 Rc6 48. Rf6+ Ke7 49. Rh6 Rc5 50. Rxh7+ Kf8 51. Rd7 Rxg5 52. Rxd6 Ra5 53. Rb6 Rxa2 54. Rxb4 a5 55. Ra4 Rb2 56. Kc3 Re2 57. Rxa5 Rxe4 58. Rd5 1-0

[Event "NED-ch U14"]
[Site "Rotterdam"]
[Date "2016.05.01"]
[Round "3"]
[White "Dijkhuis, Oele"]
[Black "Van Klaveren, Justus"]
[Result "1-0"]
[WhiteElo "1632"]
[BlackElo "1638"]
[PlyCount "51"]
[EventDate "2016.04.29"]
[EventType "swiss"]
[EventRounds "9"]
[EventCountry "NED"]
[SourceTitle "CBM 172 Extra"]
[Source "ChessBase"]
[SourceDate "2016.06.21"]
[SourceVersion "1"]
[SourceVersionDate "2016.06.21"]
[SourceQuality "1"]

1. e4 e6 2. d4 d5 3. Nc3 Nf6 4. Bg5 Bb4 5. e5 h6 6. exf6 hxg5 7. fxg7 Rg8 8. a3 Bxc3+ 9. bxc3 Nc6 10. Bb5 Bd7 11. Nf3 Qf6 12. Qe2 Qxg7 13. Bxc6 Bxc6 14. Ne5 Ba4 15. Rb1 0-0-0 16. Rb4 Bd7 17. Nxd7 Rxd7 18. Qb5 c6 19. Qc5 a6 20. Qa7 Rc7 21. 0-0 f5 22. Rfb1 f4 23. Rxb7 Rxb7 24. Qa8+ Kc7 25. Rxb7+ Kd6 26. Qa7 1-0

[Event "Copenhagen Challenge"]
[Site "Ballerup"]
[Date "2015.04.30"]
[Round "3"]
[White "Dijkhuis, Oele"]
[Black "Fossan, Andreas"]
[Result "0-1"]
[WhiteElo "1485"]
[BlackElo "1873"]
[PlyCount "104"]
[EventDate "2015.04.29"]
[EventType "swiss"]
[EventRounds "9"]
[EventCountry "DEN"]
[SourceTitle "CBM 166 Extra"]
[Source "ChessBase"]
[SourceDate "2015.06.18"]
[SourceVersion "1"]
[SourceVersionDate "2015.06.18"]
[SourceQuality "1"]

1. e4 e6 2. d4 d5 3. Nc3 Bb4 4. e5 Ne7 5. a3 Bxc3+ 6. bxc3 c5 7. Qg4 Qc7 8. Bd3 cxd4 9. Ne2 dxc3 10. 0-0 0-0 11. h4 Nd7 12. Qg3 Nc5 13. f4 Nxd3 14. Qxd3 Nf5 15. Qh3 Qb6+ 16. Kh1 Qd8 17. g3 d4 18. Rd1 Bd7 19. Kh2 Bc6 20. Nxc3 h5 21. Ne2 Bf3 22. Rd2 Qb6 23. Qf1 Be4 24. Qg1 Rfd8 25. Ra2 Rd5 26. Rb2 Qd8 27. Kh3 Qd7 28. Rb4 a5 29. Rc4 b5 30. Rcxd4 Nxd4 31. Rxd4 Bf5+ 32. Kg2 Rd8 33. Rxd5 Qxd5+ 34. Kh2 Qc4 35. Qf2 Qxc2 36. Qe3 Rd3 37. Qf2 Bg4 38. Qg2 Qxe2 39. Qxe2 Bxe2 40. Bb2 b4 41. axb4 axb4 42. Kg2 Rd2 43. Ba1 Bg4+ 44. Kf1 Rd1+ 45. Kf2 Rxa1 46. f5 exf5 47. e6 Ra2+ 48. Kg1 b3 49. e7 Re2 50. e8Q+ Rxe8 51. Kf2 Re2+ 52. Kf1 b2 0-1

[Event "Cologne Longerich op-B 12th"]
[Site "Cologne"]
[Date "2013.07.19"]
[Round "1"]
[White "Schroeter, Sophie"]
[Black "Dijkhuis, Oele"]
[Result "0-1"]
[WhiteElo "988"]
[BlackElo "1343"]
[PlyCount "72"]
[EventDate "2013.07.19"]
[EventType "tourn"]
[EventRounds "5"]
[EventCountry "GER"]
[SourceTitle "EXT 2017"]
[Source "ChessBase"]
[SourceDate "2016.10.25"]
[SourceVersion "1"]
[SourceVersionDate "2016.10.25"]
[SourceQuality "1"]

1. e4 e5 2. Nf3 Nf6 3. Nc3 Nc6 4. Bb5 a6 5. Bxc6 dxc6 6. d3 Bd6 7. Bg5 h6 8. Bxf6 Qxf6 9. d4 Bg4 10. dxe5 Bxe5 11. 0-0 Qf4 12. Ne2 Qf6 13. Nxe5 Qxe5 14. Qd4 Qg5 15. Ng3 h5 16. f3 Be6 17. Rad1 0-0 18. Qb4 Rab8 19. b3 Rfe8 20. Rfe1 h4 21. Nf5 g6 22. Ne3 h3 23. g3 Qf6 24. Rf1 Qg5 25. f4 Qh5 26. Nc4 Qe2 27. Qd2 Bxc4 28. bxc4 Qxc4 29. c3 Rxe4 30. Qd7 Qc5+ 31. Rf2 Re2 32. Rdf1 Rbe8 33. Qxc7 Re1 34. Qxb7 R8e2 35. Qxa6 Rxf1+ 36. Kxf1 Qxf2# 0-1

[Event "NED-ch U11"]
[Site "Waalwijk"]
[Date "2012.04.06"]
[Round "2"]
[White "Hilwerda, Jonas"]
[Black "Dijkhuis, Oele"]
[Result "1/2-1/2"]
[WhiteElo "1245"]
[BlackElo "991"]
[PlyCount "73"]
[EventDate "2012.04.06"]
[EventType "swiss"]
[EventRounds "9"]
[EventCountry "NED"]
[SourceTitle "EXT 2013"]
[Source "ChessBase"]
[SourceDate "2012.11.22"]
[SourceVersion "1"]
[SourceVersionDate "2012.11.22"]
[SourceQuality "1"]

1. e4 e5 2. Nf3 Nc6 3. d4 exd4 4. Nxd4 Nf6 5. Nxc6 dxc6 6. Qxd8+ Kxd8 7. Nc3 Bc5 8. Bg5 Be7 9. 0-0-0+ Nd7 10. Bf4 g5 11. Bg3 b6 12. Bc4 Rf8 13. Ne2 b5 14. Bb3 Ba6 15. Nd4 Bb7 16. a3 Bc5 17. Rd2 Re8 18. f3 a5 19. Bxf7 Rf8 20. Be6 Bd6 21. Bxd6 cxd6 22. Bxd7 Kxd7 23. Nf5 d5 24. Ne3 Ke6 25. Re1 dxe4 26. fxe4 c5 27. Rde2 Kd7 28. Rd2+ Kc6 29. Rf1 Rxf1+ 30. Nxf1 Kc7 31. Re2 Re8 32. e5 Bd5 33. b3 h5 34. Ng3 h4 35. Nf5 Kc6 36. e6 Rxe6 37. Rxe6+ 1/2-1/2